Statistics for countries with the largest scottish ethnic population

Click here to take the quiz!

General Stats

  • This quiz has been taken 242 times
  • The average score is 10 of 15

Answer Stats

HintAnswer% Correct
6,006,995United States
100%
4,719,855Canada
99%
1,792,600Australia
94%
14,412New Zealand
90%
795,000England
86%
45,000France
86%
4,446,000Scotland
79%
11,160South Africa
76%
45,000Brazil
63%
100,000Argentina
57%
760,620Northern Ireland
56%
80,000Chile
44%
15,000Poland
31%
1,459Hong Kong
7%
2,403Isle Of Man
3%

Score Distribution

Percentile by Number Answered

Percent of People with Each Score

Your Score History

You have not taken this quiz